| 000 | 01011nam a22002057a 4500 | ||
|---|---|---|---|
| 003 | OSt | ||
| 005 | 20160620105917.0 | ||
| 008 | 150408b2012 slv spa | ||
| 040 | _cBMC | ||
| 082 | _a657 | ||
| 100 | 1 |
_934139 _aRodríguez Salazar, Esmeralda Yanira |
|
| 245 | 1 | 0 |
_aPasantía de asistente técnico a la Unidad de Bodega, fondo circulante y activo fijo en Dirección Departamental de Educación del departamento de Santa Ana _b: Informe final _cEsmeralda Yanira Rodríguez Salazar |
| 260 |
_aSanta Ana (El Salvador) _bUniversidad Católica de El Salvador _c2012 |
||
| 300 |
_a1 folleto (pág. var.) _bil. col. _c28 cm _e+ 1 disco compacto |
||
| 500 | _aPrecede al tít.: Universidad Católica de El Salvador, Facultad de Ciencias Empresariales | ||
| 502 | _aTrabajo de graduación para optar al grado académico de Licenciatura en Contaduría Pública | ||
| 650 | 2 | 4 |
_9877 _aContabilidad |
| 710 | 2 |
_91067 _aUniversidad Católica de El Salvador _bFacultad de Ciencias Empresariales |
|
| 942 |
_2ddc _cTG |
||
| 999 |
_c20715 _d20715 |
||